Statistics for York City 23/24 squad

Click here to take the quiz!

General Stats

  • This quiz has been taken 4 times
  • The average score is 26 of 41

Answer Stats

HintAnswer% Correct
MFAlex Woodyard
100%
DFCallum Howe
100%
MFDan Batty
100%
GKDavid Stockdale
100%
FWDipo Akinyemi
100%
GKGeorge Sykes-Kenworthy
100%
FWKai Kennedy
100%
FWLenell John-Lewis
100%
DFLevi Andoh
100%
FWMaziar Kouhyar
100%
DFRyan Fallowfield
100%
DFAdam Crookes
75%
GKMaison Campbell
75%
DFMichael Duckworth
75%
MFOllie Green
75%
MFQuevin Castro
75%
GKRory Watson
75%
GKRyan Whitley
75%
MFScott Burgess
75%
DFTyler Cordner
75%
FWWill Davies
75%
DFWill Smith
75%
FWAlex Hernandez
50%
FWCallum Harriott
50%
MFJack Stott
50%
DFJonny Haase
50%
FWJonny Shepherd
50%
DFLuke Daley
50%
MFMitch Hancox
50%
MFOlly Dyson
50%
MFPaddy Mclaughlin
50%
FWZanda SIziba
50%
FWAlex Hurst
25%
FWCedric Main
25%
FWEthan Henderson
25%
MFFinlay Barnes
25%
MFGeorge Harrison
25%
DFKevin Joshua
25%
DFScott Barrow
25%
DFSam Sanders
0%
DFThierry Latty-Fairwether
0%

Score Distribution

Percentile by Number Answered

Percent of People with Each Score

Your Score History

You have not taken this quiz